| 000 | 00540nam a22001817a 4500 | ||
|---|---|---|---|
| 003 | OSt | ||
| 005 | 20160126104147.0 | ||
| 008 | 130902t xxu||||| |||| 00| 0 eng d | ||
| 020 | _a9780600597759 | ||
| 050 |
_aTX 724.5 _b.W947 1999 |
||
| 082 |
_aHS 641.51 _bC56 1999 |
||
| 245 |
_aChinese Food and Folklore : _cJeni Wright. _ba guide to the cooking myths and history of China |
||
| 260 |
_aLondon : _bHamlyn, _cc1999. |
||
| 300 |
_a144 p. : _bill. : _c30 cm. |
||
| 650 |
_aCookery,Chinese _916164 |
||
| 942 |
_2lcc _cBK |
||
| 999 |
_c10172 _d10172 |
||